000 00524nam a2200181Ia 4500
005 20250423100832.0
008 250422s9999 xx 000 0 und d
020 _a9788836651924
050 _aNK 2115.5 .L5 .C85/
100 _aCuisinier, Pascal
245 0 _aRobert Mathieu
260 _aMilano
260 _bSilvana editoriale
260 _c2023
300 _a289 p
650 _aMathieu, Robert. Mathieu, Robert--Catalogues raisonnés. Lighting, Architectural and decorative--France. Lamps--Design.
942 _cBK
999 _c34485
_d34485